A guide of the study of the United States of America (Record no. 1178)

MARC details
000 -LEADER
fixed length control field 00578nam a22001337a 4500
008 - FIXED-LENGTH DATA ELEMENTS--GENERAL INFORMATION
fixed length control field 230619b xxu||||| |||| 00| 0 eng d
020 ## - INTERNATIONAL STANDARD BOOK NUMBER
International Standard Book Number 0844401641
082 ## - DEWEY DECIMAL CLASSIFICATION NUMBER
Classification number 016.97
Item number ORR
100 ## - MAIN ENTRY--PERSONAL NAME
Titles and words associated with a name Oliver H.Orr, Jr
245 ## - TITLE STATEMENT
Title A guide of the study of the United States of America
Remainder of title Representative Books Reflecting the Development of American Life and Thought
Statement of responsibility, etc. Prepared under the direction of Roy P.Basler by oliver H.Orr,Jr and the staff of the bibiliography and reference Correspondence Section
260 ## - PUBLICATION, DISTRIBUTION, ETC. (IMPRINT)
Place of publication, distribution, etc. Washington
Name of publisher, distributor, etc. Library of Congress
Date of publication, distribution, etc. 1976
300 ## - PHYSICAL DESCRIPTION
Extent 525p
942 ## - ADDED ENTRY ELEMENTS (KOHA)
Source of classification or shelving scheme Dewey Decimal Classification
Koha item type Books
Holdings
Withdrawn status Lost status Source of classification or shelving scheme Damaged status Not for loan Home library Current library Date acquired Total Checkouts Full call number Barcode Date last seen Price effective from Koha item type
    Dewey Decimal Classification     County Hall Archives County Hall Archives 06/19/2023   016.97 ORR 10000030 06/19/2023 06/19/2023 Books
LIBRARY OPENING HOURS

When the Parliament is sitting: 8.00a.m - 7.00p.m or until the house adjourns
Mondays and Fridays and when the House is on Recess:  8.00a.m - 5.00p.m
Closed on Weekends and Public Holidays

Online Public Access Catalog (OPAC)
Website: http://www.parliament.go.ke
Bunge Library: https://libraryir.parliament.go.ke
Contact: library@parliament.go.ke | Tel no: (254-2)2221291 or 2848000 Ext 5043